000 00691nam a2200217Ia 4500
001 8771
003 GE_BSU
008 181216s||||||||xx |||||||||||||| ||und||
040 _cGE_BSU
080 _a821.353.1-32
100 _aიორამაშვილი,სოსო
245 _aმოთხრობები
245 _bმოთხრობები
245 _cრედ:ც.ჯაფარიძე; მხატვ:თ მირზაშვილი
260 _aთბილისი.
260 _bსაბჭ.საქართველო
260 _c1961.
300 _a150გვ;19სმ.ილ.
653 _aმოთხრობები.
942 _cBK
999 _c42081
_d42081